serun
ՀԱՅ ԳԻՐՔ = Armenian Book

'Ահտը ճէտիտ եա'նի ինճիլի շէրիֆ : (Record no. 166125)

000 -LEADER
fixed length control field nam a22 a 4500
003 - CONTROL NUMBER IDENTIFIER
control field AM-YeNLA
005 - DATE AND TIME OF LATEST TRANSACTION
control field 20260331153409.0
007 - PHYSICAL DESCRIPTION FIXED FIELD--GENERAL INFORMATION
fixed length control field ta
008 - FIXED-LENGTH DATA ELEMENTS--GENERAL INFORMATION
fixed length control field 260331s1932 au gr ||| 000000tur||d
040 ## - CATALOGING SOURCE
Original cataloging agency AM-YeNLA
Language of cataloging arm
Transcribing agency AM-YeNLA
041 1# - LANGUAGE CODE
Language code of text/sound track or separate title tur
Language code of original grc
240 ## - UNIFORM TITLE
Uniform title Աստվածաշունչ ։
Name of part/section of a work Նոր Կտակարան
Language of a work Հայատառ թուրքերեն
245 01 - TITLE STATEMENT
Title 'Ահտը ճէտիտ եա'նի ինճիլի շէրիֆ :
Remainder of title Լիսան ը ասլի ի եունանիտէն պիթ թէրճէմէ.
246 13 - VARYING FORM OF TITLE
Title proper/short title [Նոր Կտակարան :
Remainder of title Թարգմանված հունարեն բնագրից].
246 14 - VARYING FORM OF TITLE
Title proper/short title Ինճիլի շէրիֆ
260 ## - PUBLICATION, DISTRIBUTION, ETC. (IMPRINT)
Place of publication, distribution, etc. Վիէննա :
Name of publisher, distributor, etc. Ամէրիգան քիթապը մուգատտէս շիրքէթի,
Date of publication, distribution, etc. 1932.
300 ## - PHYSICAL DESCRIPTION
Extent 1 չհամարակալած, 690 էջ ;
Dimensions 12 սմ.
500 ## - GENERAL NOTE
General note Շարվածքը՝ 9,5x5,5 սմ:
500 ## - GENERAL NOTE
General note Կազմը՝ կաշվե ։
500 ## - GENERAL NOTE
General note Վերնագրի թարգմանությունը կատարվել է քարտագրողի կողմից :
500 ## - GENERAL NOTE
General note Գիրքը թվայնացվել է Հայաստանի ազգային գրադարանում:
546 ## - LANGUAGE NOTE
Language note Բնագիրը՝ հայատառ թուրքերեն :
630 07 - SUBJECT ADDED ENTRY--UNIFORM TITLE
Uniform title Աստվածաշունչ :
Name of part/section of a work Նոր Կտակարան
9 (RLIN) 33670
650 24 - SUBJECT ADDED ENTRY--TOPICAL TERM
Topical term or geographic name as entry element Հայատառ թուրքերեն գրքեր
9 (RLIN) 39188
650 24 - SUBJECT ADDED ENTRY--TOPICAL TERM
9 (RLIN) 39512
Topical term or geographic name as entry element Հայ գիրք
Chronological subdivision Վաղ շրջան, 1801-1850
653 ## - INDEX TERM--UNCONTROLLED
Uncontrolled term ՀԱԳ
856 41 - ELECTRONIC LOCATION AND ACCESS
Uniform Resource Identifier http://haygirk.nla.am/upload/1512-1940/1901-1940/ahty_chetit_vienna_1932.pdf
Link text Կարդալ առցանց
942 ## - ADDED ENTRY ELEMENTS (KOHA)
Source of classification or shelving scheme
Koha item type Books
998 ## - LOCAL CONTROL INFORMATION (RLIN)
Cataloger's initials, CIN (RLIN) AS
Holdings
Withdrawn status Lost status Source of classification or shelving scheme Damaged status Not for loan Permanent Location Current Location Date acquired Full call number Date last seen Price effective from Koha item type
          National Library of Armenia National Library of Armenia 2026-03-31 ՀԱԳ 2026-03-31 2026-03-31 Books

Հայաստանի ազգային գրադարան ՀՀ, 0009,Երևան, Տերյան 72
Հետադարձ կապ